El auténtico liderazgo /
Contiene: 1) Descubre tu auténtico liderazgo; 2) La paradoja de la veracidad; 3) Los beneficios de mostrarse vulnerable; 4) Practica una empatía fuerte; 5) Romper los patrones que frenan a la gente de color; 6) Las disculpas corporativas son efectivas si se muestra tristeza; 7) ¿Los líderes son dema...
সংরক্ষণ করুন:
| সংস্থা লেখক: | |
|---|---|
| বিন্যাস: | গ্রন্থ |
| ভাষা: | স্প্যানিশ |
| প্রকাশিত: |
Barcelona, España : Boston, EUA :
Reverté ; Harvard Business Review,
2019, c2019
|
| বিষয়গুলি: | |
| অনলাইন ব্যবহার করুন: | Ver documento en línea |
| ট্যাগগুলো: |
কোনো ট্যাগ নেই, প্রথমজন হিসাবে ট্যাগ করুন!
|
MARC
| LEADER | 00000nam^a2200000^a^4500 | ||
|---|---|---|---|
| 001 | 000561604 | ||
| 005 | 20251023000000.0 | ||
| 009 | 20260310131926.768 | ||
| 022 | |a 9788429195019 | ||
| 037 | |a Acervo ITESO - Biblioteca | ||
| 041 | |a ESP | ||
| 082 | |a 658. 4092 |b HBR | ||
| 110 | |a Harvard Business Review | ||
| 245 | 1 | 3 | |a El auténtico liderazgo / |c Harvard Business Review. |
| 264 | 4 | |a Barcelona, España : |b Reverté ; |a Boston, EUA : |b Harvard Business Review, |c 2019, c2019 | |
| 264 | 2 | |a Birmingham, EUA : |b EBSCOhost [distribución], |c 2019 | |
| 300 | |a 1 libro electrónico en línea (X, 158 p.) | ||
| 300 | |a 1 recurso en línea | ||
| 336 | |a datos para computadora |b cod |2 rdacontenido | ||
| 337 | |a computadora |b c |2 rdamedio | ||
| 338 | |a recurso en línea |b cr |2 rdasoporte | ||
| 506 | 0 | |a Licencias ilimitadas | |
| 520 | |a Contiene: 1) Descubre tu auténtico liderazgo; 2) La paradoja de la veracidad; 3) Los beneficios de mostrarse vulnerable; 4) Practica una empatía fuerte; 5) Romper los patrones que frenan a la gente de color; 6) Las disculpas corporativas son efectivas si se muestra tristeza; 7) ¿Los líderes son demasiado sensibles? | ||
| 521 | |a Peticiones 2023 | ||
| 649 | |a XX | ||
| 650 | |a Liderazgo - |x Tema Principal | ||
| 650 | |a Empatía | ||
| 650 | |a Persuasión | ||
| 650 | |a Motivación | ||
| 650 | |a Negociación y Mediación | ||
| 650 | |a Discriminación | ||
| 650 | |a Habilidades Directivas | ||
| 650 | |a Proceso Administrativo - |x Dirección | ||
| 650 | |a Ciencias Administrativas | ||
| 856 | 4 | 0 | |u https://ezproxy.iteso.mx/login?url=https://search.ebscohost.com/login.aspx?direct=true&scope=site&db=nlebk&db=nlabk&AN=2027802 |y Ver documento en línea |
| 910 | |a Fondo General | ||
| 920 | |a Electrónicos - Libros en Línea | ||
| 930 | |a Plataforma Digital | ||
| 905 | |a 205 | ||
| 901 | |a 561604-1 |b IT2 |c EBO |i C182525 |u 20250521 | ||
| 902 | |a https://opac.biblio.iteso.mx/vufind/Record/000561604 | ||